000
00201 a2200097 4500
001
962
100
_a
Agger,L.T.
245
_a
Principles of electronics
260
_a
_b
Macmillan
_c
090
_c
552
_d
552
942
_a
NUST-CAE
_c
M
_c
31956
999
_c
236035
_d
236035